Grèce antique - Statistiques

Statistiques générales
  • Ce quiz a été pris 22 fois
    8 depuis la dernière actualisation
  • Le résultat moyen est 22 sur 49
Statistiques - réponses
Indices Réponses % Correct
Au nord de la Grèce se trouve ce petit royaume. En -338, aux côtés de leur roi Philippe II, ils battent les Grecs à Chéronée. Alexandre, son fils, achève cette conquête et inclut la Grèce dans son empire. Macédoine
100%
Élève du précédent, auteur du Banquet. Platon
100%
a² + b² = c² Pythagore
100%
Élève du précédent, fondateur du Lycée. Aristote
86%
Tous les médecins prêtent son serment. Hippocrate
86%
Nom du roi de Sparte qui résista avec à sa tête 300 spartiates. Léonidas
86%
Ville fondée par les Grecs sous le nom de Massalia. Marseille
86%
Philosophe condamné à mort pour perversion de la jeunesse athénienne. Socrate
86%
Ancienne cité de la Grèce antique fondée il y a près de 3000 ans, Elle se trouvait sur les lieux de l'actuel Péloponnèse. Son armée était la plus redoutée de toute la Grèce. Tous les hommes de la ville y étaient enrôlés dès l’âge de 7 ans, et ils recevaient une éducation militaire très rigoureuse. Sparte
86%
Grace à son théorème, il a pu calculer la hauteur de la grande pyramide. Thalès
86%
Son nom est associé à des mesures d'une sévérité excessive. C’est un homme politique athénien du VIIème siècle avant J-C. Sa spécialité était la loi et il est connu notamment pour avoir écrit les premiers textes de loi de la cité d'Athènes (ils étaient à cette période rarement écrits). Son objectif était que personne n'ignore la loi, et ainsi il l'a faite afficher sur des panneaux dans la rue. Dracon
71%
Du grec scholè qui signifie “temps de loisir”. École
71%
Considéré comme le "père de l'Histoire". Hérodote
71%
Événements sportifs se déroulant à Olympie. Jeux olympiques
71%
Surnommé le père de la géométrie. Euclide
57%
Grande bataille qui s'est déroulée en 480 av. J-C et qui opposa les cités grecques unies à l'Empire perse. La bataille porte le nom d'un passage étroit près de la côte au nord de Delphes. La Bataille des Thermopyles
57%
Cette épreuve sportive est inspirée d’un fait historique ou de ce qu'en dit la tradition. Un messager grec aurait couru de cette ville à Athènes, qui sont distantes d'environ 40 km, pour annoncer la victoire des Grecs contre les Perses à l’issue de cette bataille lors de la première guerre Médique en 490 av. J.-C. Marathon
57%
Ville fondée par les Grecs sous le nom de Nikaia. Nice
57%
Poétesse de Lesbos qui a donné au terme "lesbien" sa signification. Sappho
57%
Nom du roi perse. Xerxès Ier
57%
Il aurait crié "Eurêka !" dans une baignoire. Archimède
43%
Sculpture grecque datant de 130-100 av. J.-C. Son nom est donc inapproprié, puisque la déesse en question fait partie du panthéon romain et non de la mythologie grecque. Cette statue a été découverte en 1820 sur l'île qui lui donne son nom. La Vénus de Milo
43%
Cette civilisation se développe en Crète entre 3000 et 1450 av. J.-C. La majeure partie de Santorin est détruite par un volcan ce qui leur fait perdre l’un de leurs plus importants ports de commerce. La Crète elle-même est dévastée et couverte de cendres. La culture survit mais ne retrouve jamais sa grandeur passée. Minoenne
43%
Du grec mousikè qui signifie “art des muses”. Les 9 muses étaient les filles du dieu Zeus et les déesses des arts. Musique
43%
Ville fondée par les Grecs sous le nom de Neápolis ("ville nouvelle"). Naples
43%
Procédure annuelle utilisée pour éviter que quelqu’un prenne trop de pouvoir et décider de gouverner seul. Chacun écrivait le nom d’une personne sur un morceau de poterie ou une coquille d’huître (du grec ostrakon qui signifie “coquille”). Si le même nom revenait en majorité, la personne devait quitter Athènes pour 10 ans. Ostracisme
43%
Stratège et homme d'État de l'âge d'or athénien. Périclès
43%
En Grèce antique, c'est un artiste qui chante des épopées en s'accompagnant d'un instrument de musique, la phorminx, s'apparentant à la cithare. Il est l'équivalent d'un barde celte ou encore des troubadours. Aède
29%
Ville fondée par les Grecs sous le nom d'Antipolis. Antibes
29%
Conseil composé de 500 membres de cette dernière tirés au sort et qui prépare les projets de loi. Boulè
29%
Le plus ancien des trois grands tragiques grecs. Son théâtre est marqué par la force, la tension et l'angoisse. Eschyle
29%
Ses fables ont beaucoup inspiré La Fontaine. Ésope
29%
Dans la Grèce antique, nom donné à l'appartement réservé aux femmes, situé à l'arrière de l'habitation. Gynécée
29%
École philosophique fondée par ce dernier en 335 av. J.-C. au Lycée d'Athènes. Elle tire son nom du grec ancien περιπατητικός, « qui aime se promener » car Aristote enseignant au Lycée d'Athènes en marchant avec ses élèves. L’école péripatéticienne
29%
Nom donné aux non-Athéniens. Métèques
29%
C'était l'un des plus célèbres dramaturges de l'Antiquité grecque. Il est surtout connu pour ses comédies satiriques, qui ont été représentées lors des célèbres festivals théâtraux d'Athènes, tels que les Dionysies. Aristophane
14%
Habitant d'une province de la Grèce ancienne qui signifie aujourd'hui « inculte, lourd, lourdaud ». Béotien
14%
Assemblée composée de tous les citoyens et qui vote les lois. Ecclésia
14%
Après une formation à Samos, il commence à enseigner à Mytilène, puis il achète à Athènes une maison et un terrain ; il y fonde son école philosophique, dite le Jardin, et entouré de ses disciples, il y mène une existence simple et tranquille. Épicure
14%
Ils font partie de ces grandes fêtes en l’honneur des dieux qui se déroulaient dans 4 villes différentes : Olympie, Delphes (Jeux pythiques), Corinthe et Némée (Jeux néméens). Jeux panhelléniques
14%
Nom des Perses selon les Grecs, qui tentent de les envahir. Les Athéniens remportent la victoire mais les guerres entre Athènes et les autres cités affaiblissent les Grecs. Mèdes
14%
En -2000, c'est le royaume le plus riche et le plus puissant. En -1100 c’est la fin de leur règne avec l’arrivée de nouveaux envahisseurs, les Doriens. Mycènes
14%
Nom du messager grec. Philippidès
14%
Philosophe grec, fondateur de l'école sceptique. Pyrrhon
14%
Explorateur grec qui a décrit l'endroit le plus septentrional au monde (Thulé). Pythéas
14%
En Grèce antique, un artiste qui va de ville en ville, récitant ou déclamant les œuvres écrites par un autre (principalement des épopées). Homère lui-même en présente deux dans l’Odyssée. Rhapsode
14%
Ville fondée par les Grecs sous le nom d'Agathé. Agde
0%
Considéré comme le véritable premier roi d'Athènes, bien qu'il fût un autochtone mi-homme mi-serpent. Cécrops
0%
Historien et moraliste grec, né vers 46 et mort en 125 auteur des Vies parallèles et des Oeuvres morales. Plutarque
0%
Aucun quiz correspondant
Distribution des résultats
% des personnes avec chaque résultat
Percentile par nombre de réponses
Votre historique - résultats
Vous n’avez pas pris ce quiz depuis la dernière actualisation